00285nam a22001097a 450000500170000002000180001708200140003510000200004924500500006926000450011930000110016420260424124635.0 a9789390680788 a635 WES.P aWest, R. Barton aPractical gardening for for indian amateurs / aJaipur :bHilltop publications ,cc2024. a384 p.